00000000cas 2200000za 4500
0019.840014
003CaOODSP
00520251118151529
007cr |||||||||||
008170719c20179999oncar p o    f0   a0eng| 
022 |a2561-1976
040 |aCaOODSP|beng
043 |an-cn---
0861 |aCi1-29E-PDF
1101 |aCanada. |bImmigration, Refugees and Citizenship Canada.
222 0|aDepartmental results report |b(Canada. Immigration, Refugees and Citizenship Canada)
24510|aDepartmental results report |h[electronic resource] / |cImmigration, Refugees and Citizenship Canada.
260 |aOttawa : |bImmigration, Refugees and Citizenship Canada, |c[2017]-
310 |aAnnual
3621 |aBegan with 2016/2017.
500 |aIssued also in French under title: Rapport sur les résultats ministériels.
69207|2gccst|aImmigration
69207|2gccst|aRefugees
69207|2gccst|aCitizenship
69207|2gccst|aPerformance assessment
77508|tRapport sur les résultats ministériels |w(CaOODSP)9.840015
78000|tDepartmental performance report for the period ending ...|w(CaOODSP)9.821392